000
00262nam a22001097a 4500
008
170111b xxu||||| |||| 00| 0 eng d
020
_a
9789997639387
041
_a
eng
080
_2
6TH
_a
618.2
245
_a
ROSEN'S EMERGENCY MEDICINE
_c
WALLS, M.H
942
_2
udc
_c
BK
999
_c
2701
_d
2701